Statistiken für Top 10 der weltweiten CO2-Emittenten

Klicken Sie hier um das Quiz zu spielen!

Allgemein

  • Dieses Quiz wurde 137 mal gespielt
  • Das Durchschnittsergebnis liegt bei 8 aus 10

Antwortstatistiken

Globaler AnteilAntwort% Korrekt
29,7%China
100%
13,9%Usa
99%
2%Deutschland
97%
6,9%Indien
97%
4,6%Russland
94%
3,2%Japan
89%
1,6%Kanada
79%
1,8%Südkorea
64%
1,7%Saudi-Arabien
54%
1,9%Iran
42%

Verteilung der Resultate

Perzentil nach korrekt beantworteten Fragen

Anzahl Personen mit jedem Resultat

Ihre Resultats-Entwicklung

Sie haben dieses Quiz noch nicht gespielt